| Поле | Название | Значение |
| |
Тип записи |
a |
| |
Библиографический уровень |
m |
| 001 |
Контрольный номер |
RU/ЭБС IPRbooks/65513 |
| 005 |
Дата корректировки |
20180118151538.2 |
| 100 |
Данные общей обработки |
__ |
| a |
Данные общей обработки |
20150101d2015 |||y0rusy0250 |
| 101 |
Язык документа |
0_ |
| a |
Язык текста |
rus |
| 102 |
Страна публикации |
__ |
| a |
Страна публикации |
RU |
| 200 |
Заглавие и сведения об ответственности |
0_ |
| a |
Заглавие |
Практика Европейского Суда по правам человека по рассмотрению дел в отношении Российской Федерации. Часть 1. Европейская система защиты прав человека |
| b |
Общее обозначение материала |
Электронный ресурс |
| e |
Сведения, относящиеся к заглавию |
учебное пособие |
| f |
Первые сведения об ответственности |
В.В. Фирсов |
| f |
Первые сведения об ответственности |
Е.Е. Амплеева |
| r |
|
Учебное пособие |
| 210 |
Выходные данные |
__ |
| a |
Место издания |
Санкт-Петербург |
| c |
Издательство |
Санкт-Петербургский юридический институт (филиал) Академии Генеральной прокуратуры РФ |
| d |
Дата издания |
2015 |
| 215 |
Физическое описание |
__ |
| a |
Объем |
80 c. |
| 300 |
Общие примечания |
__ |
| a |
Общие примечания |
Книга находится в базовой версии ЭБС IPRbooks. |
| 330 |
Аннотация |
__ |
| a |
Аннотация |
Учебное пособие посвящено вопросам организации и деятельности Совета Европы и его уникальному контрольному механизму по соблюдению европейских стандартов прав человека. Особое внимание уделено «системным» нарушениям прав человека и прецедентным решениям Европейского Суда по правам человека как в отношении России, так и других государств - участников Европейской конвенции о защите прав человека и основных свобод. Учебное пособие предназначено для магистрантов и всех интересующихся вопросами развития и применения европейских стандартов прав человека. |
| 610 |
Ключевые слова |
1_ |
| a |
Ключевые слова |
человек |
| 610 |
Ключевые слова |
1_ |
| a |
Ключевые слова |
право |
| 610 |
Ключевые слова |
1_ |
| a |
Ключевые слова |
свобода |
| 610 |
Ключевые слова |
1_ |
| a |
Ключевые слова |
Россия |
| 610 |
Ключевые слова |
1_ |
| a |
Ключевые слова |
Европа |
| 610 |
Ключевые слова |
1_ |
| a |
Ключевые слова |
защита |
| 610 |
Ключевые слова |
1_ |
| a |
Ключевые слова |
нарушение |
| 675 |
Индекс УДК |
__ |
| a |
Индекс УДК |
341.6 |
| 686 |
Индексы других классификаций |
__ |
| a |
Классификационный индекс |
67.412 |
| 2 |
Код системы |
rubbk |
| 700 |
Автор |
_1 |
| b |
Имя |
Е.Е. |
| a |
Фамилия |
Амплеева |
| 4 |
Код отношения |
070 |
| 701 |
Альтернативная интеллектуальная ответственность |
_1 |
| b |
Имя |
В.В. |
| a |
Фамилия |
Фирсов |
| 4 |
Код отношения |
070 |
| 856 |
Электронный адрес документа |
4_ |
| u |
Универсальный указатель ресурса (URL) |
http://www.iprbookshop.ru/65513.html |
| z |
Публикуемое примечание |
Перейти к просмотру издания |